000
00312nam a22001337a 4500
020
_a
NA
082
_2
22
_a
621.31
100
_a
Razevig, D. V. and Chourasia, M. P.
245
_a
High voltage engineering /
250
_a
2nd ed.
260
_b
Khanna Publication,
_c
c2000.
300
_a
0
_b
ill. ;
942
_2
ddc
_c
EE
999
_c
3415
_d
3415